| 000 | 00464nam a2200157Ia 4500 | ||
|---|---|---|---|
| 008 | 220214s9999 xx 000 0 und d | ||
| 022 | _a0014-4797 | ||
| 245 | 0 | _aEXPERIMENTAL AGRICULTURE | |
| 247 | _aEmpire Journal of Experimental Agriculture | ||
| 260 |
_bCambridge University Press _aLondon |
||
| 310 | _aQ | ||
| 500 | _aEnding Volume & Year: 36, 2000 | ||
| 500 | _aMissing Volume: 17(4);19(1);25 | ||
| 500 | _aStarting Volume & Year: 1, 1965 | ||
| 942 | _cBJ | ||
| 999 |
_c13748 _d13748 |
||